<?xml version="1.0" encoding="UTF-8"?>
<record
    xmlns:xsi="http://www.w3.org/2001/XMLSchema-instance"
    xsi:schemaLocation="http://www.loc.gov/MARC21/slim http://www.loc.gov/standards/marcxml/schema/MARC21slim.xsd"
    xmlns="http://www.loc.gov/MARC21/slim">

  <leader>00603nam a2200169Ia 4500</leader>
  <controlfield tag="008">180921t2015    xxu||||| |||| 00| 0 sin d</controlfield>
  <datafield tag="041" ind1=" " ind2=" ">
    <subfield code="a">sin</subfield>
  </datafield>
  <datafield tag="080" ind1=" " ind2=" ">
    <subfield code="a">X92</subfield>
    <subfield code="b">EDE</subfield>
  </datafield>
  <datafield tag="100" ind1=" " ind2=" ">
    <subfield code="a">Ederamulle, Siril</subfield>
  </datafield>
  <datafield tag="245" ind1=" " ind2=" ">
    <subfield code="a">&#xD86;&#xDAF;&#xDBB;&#xDBA;&#xDDA; &#xD86;&#xD9C;&#xDB8; &#xDBB;&#xDA7;&#xDA7; &#xD9C;&#xDD9;&#xDB1; &#xD9C;&#xDD2;&#xDBA; &#xDB4;&#xDD6;&#xDA2;&#xD9A; &#xDB4;&#xDB1;&#xDC3;&#xDCA; &#xDC0;&#xDC3;&#xDBB;&#xD9A;&#xDCA;: &#xD87;&#xDB1;&#xDCA;&#xDAD;&#xDB1;&#xDD3; &#xDC3;&#xDD2;&#xDBB;&#xDD2;&#xDBD;&#xDCA; &#xDB4;&#xDD2;&#xDBA;&#xDAD;&#xDD4;&#xDB8;&#xDCF;</subfield>
  </datafield>
  <datafield tag="246" ind1=" " ind2=" ">
    <subfield code="a">Adaraye Agama Ratata Gena Giya Pujaka Panas Wasarak: Anthani Siril Piyathuma</subfield>
  </datafield>
  <datafield tag="260" ind1=" " ind2=" ">
    <subfield code="b">Godage</subfield>
    <subfield code="a">Colombo</subfield>
    <subfield code="c">2015</subfield>
  </datafield>
  <datafield tag="300" ind1=" " ind2=" ">
    <subfield code="b">232p, 23cm</subfield>
  </datafield>
  <datafield tag="942" ind1=" " ind2=" ">
    <subfield code="c">BK</subfield>
  </datafield>
  <datafield tag="952" ind1=" " ind2=" ">
    <subfield code="0">0</subfield>
    <subfield code="1">0</subfield>
    <subfield code="4">0</subfield>
    <subfield code="7">0</subfield>
    <subfield code="8">MONO</subfield>
    <subfield code="a">MAIN</subfield>
    <subfield code="b">MAIN</subfield>
    <subfield code="d">2017-10-20</subfield>
    <subfield code="o">X92 EDE</subfield>
    <subfield code="p">163770</subfield>
    <subfield code="r">2023-06-01</subfield>
    <subfield code="w">2023-06-01</subfield>
    <subfield code="y">BK</subfield>
  </datafield>
  <datafield tag="999" ind1=" " ind2=" ">
    <subfield code="c">1512</subfield>
    <subfield code="d">1512</subfield>
  </datafield>
  <controlfield tag="003">LK-CoDNM</controlfield>
  <datafield tag="040" ind1=" " ind2=" ">
    <subfield code="a">LK-CoDNM</subfield>
    <subfield code="d">LK-CoDNM</subfield>
    <subfield code="e">LK-CoDNM</subfield>
  </datafield>
</record>
